Sports Quiz

Random Sports or Olympics Quiz

2016 Olympic Wrestling Team Quiz Stats

 Plays Quiz not verified by Sporcle

Score 0/10 Timer 10:00
0 Plays Today
Hint Answer % Correct
Freestyle 74kg Jordan Burroughs
95%
Freestyle 97kgKyle Snyder
91.7%
Freestyle 86kgJ'Den Cox
76.7%
Freestyle 65kgFrank Molinaro
53.3%
Freestyle 57kgDan Dennis
50%
Greco Roman 130kgRobby Smith
43.3%
Freestyle 125kgTerrell Dlagnev
36.7%
Greco Roman 59kgJesse Thielke
35%
Greco Roman 75kgAndy Bisek
35%
Greco Roman 85kgBen Provisor
26.7%

You're not logged in!

Compare scores with friends on all Sporcle quizzes.
OR
Log In

Sporcle TV

Today on Sporcle TV


Watch our educational content, quiz creation guides, and fun videos on Sporcle TV.

Show Comments

Extras

Top Quizzes Today


Score Distribution

Your Account Isn't Verified!

In order to create a playlist on Sporcle, you need to verify the email address you used during registration. Go to your Sporcle Settings to finish the process.

Report this User

Report this user for behavior that violates our Community Guidelines.

Details: